000 00792nam a2200241 a 4500
001 000024128
003 DO-SdBNP
005 20260521073716.0
007 ta
008 110119s2001 dr 000 0 spa d
040 _aDO-SdBNP
_bspa
_cBNPHU
049 _aBNPD
082 4 _bS225m
_222
100 1 _aSang, Mu-Kien A.
_d1955-
_q(Mu-Kien Adriana)
_9331
245 1 0 _aSomos o no somos? /
_cMiguel Sang Ben ; prólogo David Álvarez Martín.
260 _aSanto Domingo :
_bArgumento,
_c2001.
300 _a94 p. ;
_c21 cm.
500 _aIncluye referencias bibliográficas y notas al pie de las páginas
501 _aIncluye datos biográficos del autor en la contracubierta
590 _aInventariado, 2023/BT
700 1 _aÁlvarez Martín, David,
_epról.
_949551
942 _2ddc
_cLBS1
999 _c23622
_d23622